Statistics for World War III Quiz

Click here to take the quiz!

General Stats

  • This quiz has been taken 82 times
  • The average score is 9 of 15

Answer Stats

QuestionAnswer% Correct
Who started World War III?Russia
93%
Which country was first attacked?Ukraine
93%
Who is the main villain in this war?Vladimir Putin (RU)
86%
How long will World War III last?I don't know
76%
Is Vladimir Putin bad?Yes
74%
Were the international sanctions towards Russia a rightful decision?Yes
70%
Finally, why did you take this quiz?Cause it's April Fools yo!!
59%
When did World War III start?February 24th, 2022
59%
The year is 2022 and Russia has invaded Ukraine. Should we kill Vladimir Putin?Yes!
58%
"This quiz is nonsense! There is no World War III!" Explain how?Because even if Russia invaded Ukraine as one of the hypothetical scenarios say so, it is not regarded as a Third World War and hopefully it won't go nuclear.
55%
Why does this quiz exist?Why?
54%
Serious question: Who are the Azov Battalion?Actual neo-nazis in Ukraine that Vladimir Putin is talking about but in a hyper false manner.
46%
Will it be a nuclear war?I don't know
46%
Who is Vladimir Putin affiliated with?Joseph Stalin
28%
Do you want to go to Ukraine?Yes
22%

Score Distribution

Percentile by Number Answered

Percent of People with Each Score

Your Score History

You have not taken this quiz